Comedia famosa de Las burlas veras de Ivlian de Armendariz / (Record no. 25590)

MARC details
000 -LEADER
campo de control de longitud fija 00946nam a2200229 i 4500
001 - NÚMERO DE CONTROL
campo de control 25590
003 - IDENTIFICADOR DE NÚMERO DE CONTROL
campo de control ES-MaACL
005 - FECHA Y HORA DE LA ÚLTIMA TRANSACCIÓN
campo de control 20250805003533.0
007 - CAMPO FIJO DE DESCRIPCIÓN FÍSICA--INFORMACIÓN GENERAL
campo de control de longitud fija t|
008 - DATOS DE LONGITUD FIJA--INFORMACIÓN GENERAL
campo de control de longitud fija 021227s1917 xxu ||||1| spa d
100 1# - ENTRADA PRINCIPAL--NOMBRE DE PERSONA
Nombre de persona Armendariz, Julian de (
Fechas asociadas al nombre 1585-1614)
9 (RLIN) 22937
245 10 - MENCIÓN DEL TÍTULO
Título Comedia famosa de Las burlas veras de Ivlian de Armendariz /
Mención de responsabilidad, etc. ed. from the manuscript in the R. Biblioteca Palatina at Parma, with an introduction and notes and with some account of the life and works of Armendariz by S.L. Millard Rosenberg.
260 ## - PUBLICACIÓN, DISTRIBUCIÓN, ETC.
Lugar de publicación, distribución, etc. Philadelphia :
Nombre del editor, distribuidor, etc. [s.n.],
Fecha de publicación, distribución, etc. 1917.
300 ## - DESCRIPCIÓN FÍSICA
Extensión 206 p. :
Otras características físicas facsims. ;
Dimensiones 24 cm.
546 ## - NOTA DE IDIOMA
Nota de lengua/lenguaje Introducción y argumento en inglés.
600 14 - PUNTO DE ACCESO ADICIONAL DE MATERIA--NOMBRE DE PERSONA
Nombre de persona Calderon de la Barca, Pedro.
Título de la obra Española de Florencia.
9 (RLIN) 156580
600 10 - PUNTO DE ACCESO ADICIONAL DE MATERIA--NOMBRE DE PERSONA
Nombre de persona Vega, Lope de,
Fechas asociadas al nombre 1562-1635.
Título de la obra Burlas veras
9 (RLIN) 234000
700 1# - ENTRADA AGREGADA--NOMBRE PERSONAL
Nombre de persona Rosenberg, Solomon Leopold Millard.
9 (RLIN) 99725
852 ## - LOCALIZACIÓN
Ubicación ES-MaACL
Número de control de estantería F-1273
942 ## - ELEMENTOS DE ENTRADA SECUNDARIOS (KOHA)
Fuente del sistema de clasificación o colocación Clasificación decimal universal
Holdings
Estatus retirado Estado de pérdida Estado de daño No para préstamo Biblioteca de origen Biblioteca actual Ubicación en estantería Fecha de adquisición Fuente de adquisición Total de préstamos Signatura topográfica completa Código de barras Visto por última vez Precio de reemplazo Tipo de ítem Koha
        Biblioteca del Ateneo de Madrid Biblioteca del Ateneo de Madrid Depósito 2 17/01/2008     F-1273 1026391 23/02/2023 23/02/2023 Libro impreso